000 00389nam a2200133Ia 4500
003 GCL
008 140319s9999 xx 000 0 ara d
040 _aGCL /
_cGCL
082 0 4 _a230
_bج ا
245 1 0 _aابواب السعادة فى الشهادة
260 _a[S.N] :
_bالمكتبة القيمة للطباعة والنشر والتوزيع ،
_c1987
300 _a87 ص
490 _a
999 _c53426
_d53426